LIBRARY & INFORMATION CENTRE, KCAET, TAVANUR

ONLINE PUBLIC ACCESS CATALOGUE (OPAC)

Materials of construction : wood,plastics, fabrics / (Record no. 1765)

MARC details
000 -LEADER
fixed length control field 00417cam a2200157ua 4500
041 ## - LANGUAGE CODE
Language code of text/sound track or separate title eng
082 ## - DEWEY DECIMAL CLASSIFICATION NUMBER
Classification number 691
Item number DIE/MA
100 ## - MAIN ENTRY--AUTHOR NAME
Personal name Dietz, Albert G.H .
245 ## - TITLE STATEMENT
Title Materials of construction : wood,plastics, fabrics /
250 ## - EDITION STATEMENT
Edition statement 1 /
260 ## - PUBLICATION, DISTRIBUTION, ETC. (IMPRINT)
Place of publication :
Name of publisher D.Van nostrant co. ,
Year of publication 1949.
300 ## - PHYSICAL DESCRIPTION
Number of Pages 347 :
Other physical details ` ; .
942 ## - ADDED ENTRY ELEMENTS (KOHA)
Koha item type Books
Holdings
Withdrawn status Lost status Damaged status Home library Current library Date acquired Full call number Accession Number Koha item type
      KAUAET KAUAET 07/04/2012 691 5950 Books
free website counter